Biblioteca

Principios y alternativas de trabajo pastoral (Registro nro. 36257)

Detalles MARC
000 -LÍDER
Campo fijo de descripción fija 01490aam a2200313 i 4500
001 - NÚMERO DE CONTROL
Campo de control 768714001
003 - IDENTIFICADOR DEL NÚMERO DE CONTROL
Campo de control CO-MdFUSB
005 - FECHA Y HORA DE LA ULTIMA TRANSACCIÓN
control field 20250908093013.0
007 - CAMPO FIJO DE DESCRIPCIÓN FIJA--INFORMACIÓN GENERAL
Campo fijo de descripción fija ta
008 - ELEMENTOS DE LONGITUD FIJA -- INFORMACIÓN GENERAL
Campo fijo de descripción fija -- Información general 220202t1989 -us |||| |||| 00| 0 spa d
020 ## - NÚMERO INTERNACIONAL NORMALIZADO PARA LIBROS
Número Internacional Normalizado del libro 089922220X
040 ## - FUENTE DE CATALOGACIÓN
Idioma de catalogación spa.
Agencia de catalogación original CO-MdFUSB
Agencia que realiza la transcripción CO-MdFUSB
Agencia que realiza la modificación CO-MdFUSBC
Convenciones de la descripción rda
041 ## - CÓDIGO DE IDIOMA
Código de idioma para texto/pista de sonido o título separado spa
082 04 - NÚMERO DE CLASIFICACIÓN DECIMAL DEWEY
Número de clasificación 250.2
Número de la edición del Dewey 23
Clave de autor-Numero de item B2754p
100 1# - ASIENTO PRINCIPAL--NOMBRE PERSONAL
Nombre personal Barrientos Paninski, Alberto
Término relacionador autor
245 10 - TÍTULO
Título del Material Principios y alternativas de trabajo pastoral
Mención de responsabilidad, etc. / Alberto Barrientos
264 #1 - PRODUCCIÓN, PUBLICACIÓN, DISTRIBUCIÓN, MANUFACTURA, Y COPYRIGHT
Lugar de producción, publicación, distribución, manufactura Miami, FL., USA :
Nombre del productor, publicador, distribuidor Caribe,
Fecha de producción, publicación, distribución, manufactura, o copyright [1989]
264 #4 - PRODUCCIÓN, PUBLICACIÓN, DISTRIBUCIÓN, MANUFACTURA, Y COPYRIGHT
Fecha de producción, publicación, distribución, manufactura, o copyright ©1989
300 ## - DESCRIPCIÓN FÍSICA
Extensión 362 páginas
Dimensiones ; 20 cm
336 ## - TIPO DE CONTENIDO
Término de tipo de contenido texto
Código de tipo de contenido txt
Fuente rdacontent
337 ## - TIPO DE MEDIO
Fuente rdamedia
Nombre del tipo de medio sin mediación
Código del tipo de medio n
338 ## - TIPO DE SOPORTE
Fuente rdacarrier
Nombre del tipo de soporte volumen
Código Tipo de soporte nc
505 ## - NOTA DE CONTENIDO
Información miscelánea Primera parte:
Título Principios del trabajo pastoral:
Nota de contenido con formato preestablecido Presuposiciones teológicas del trabajo pastoral - Los objetivos del pastorado - Metas finales del pastorado - Los terrenos propios del pastor.
505 ## - NOTA DE CONTENIDO
Información miscelánea Segunda parte:
Título Campos de administración pastoral:
Nota de contenido con formato preestablecido Vida y hogar del pastor: su administración - Formación de los cristianos - La evangelización como proclamación - Evangelización y discipulado - Evangelización y envío de misioneros - Evangelización y formación de nuevas congregaciones - Ministración de la Palabra - Las relaciones en la iglesia - Ayuda y cambio social - El culto - Orden y disciplina - El consejo - Organización.
563 ## - NOTA DE ENCUADERNACIÓN
Nota de encuadernación Rústico
650 #7 - ASIENTO SECUNDARIO DE MATERIA - TERMINO TEMÁTICO
Término temático o nombre geográfico como elemento de entrada Teología pastoral
9 (RLIN) 227
942 ## - TIPO DE MATERIAL (KOHA)
Tipo de Item KOHA Libros General
945 ## - INFORMACIÓN LOCAL DEL REGISTRO
Catalogador JTF-925
Existencias
Estado de Material Estado de Perdido Forma de Clasificación Estado de Dañado No para Préstamo Colección Tomo Biblioteca de Origen Biblioteca Permanente Fecha de Adquisición Total de Préstamos Total de Renovaciones Signatura Topográfica Código de Barras Última vez visto Última vez Préstado Ejemplar/Existencia Fecha de Remplazo Tipo de Material
    Dewey Decimal Classification     Colección General   Biblioteca FUSBC Biblioteca FUSBC 02/02/2022 1 2 G 250.2 B2754p 15264 12/12/2019 25/04/2019 Ej. 2 26/01/2016 Libros General
    Dewey Decimal Classification     Colección General   Biblioteca FUSBC Biblioteca FUSBC 02/02/2022 15 10 G 250.2 B2754p 8283 17/09/2025 23/05/2025 Ej. 1 26/01/2016 Libros General

Biblioteca FUSBC | Teléfono: (57+4) 349 88 10 Ext. 141| WhatsApp (+57) 3005338115 
E-mail: biblioteca@unisbc.edu.co | Calle 76 87-14 Robledo Palenque, Medellín, Colombia

Con tecnología Koha